| 000 | 00699nam a2200205Ii 4500 | ||
|---|---|---|---|
| 003 | JO-AjNU | ||
| 008 | 230605s9999||||xx |||||||||||||| ||und|| | ||
| 040 |
_aJO-AjNU _bara _erda _cJO-AjNU |
||
| 041 | _aara | ||
| 050 | 1 | 4 | _aK230.NB38.1967 |
| 100 | 3 |
_a باوند ، روسكو ، ترجمة دباغ ، صلاح ؛ مراجعة مسلم أحمد , _eauthor _935815 |
|
| 245 | 0 | 0 | _aمدخل الى فلسفة القانون |
| 250 | _a(د،ط) | ||
| 264 | 3 | 1 | _aبيروت : المؤسسة الوطنية ، 1967 |
| 300 | _a213ص | ||
| 336 |
_atext _btxt _2rdacontent |
||
| 337 |
_aunmediated _bn _2rdamedia |
||
| 338 |
_avolume _bnc _2rdacarrier |
||
| 650 | 4 |
_aقانون -- فلسفة _935816 |
|
| 999 |
_aA14822 _c18390 _d18390 |
||